|
|
|
|
| LEADER |
03163nam a22004093i 4500 |
| 001 |
EBC6916267 |
| 003 |
MiAaPQ |
| 005 |
20231204023222.0 |
| 006 |
m o d | |
| 007 |
cr cnu|||||||| |
| 008 |
231204s2022 xx o ||||0 eng d |
| 020 |
|
|
|a 9781000518696
|q (electronic bk.)
|
| 020 |
|
|
|z 9781032020020
|
| 035 |
|
|
|a (MiAaPQ)EBC6916267
|
| 035 |
|
|
|a (Au-PeEL)EBL6916267
|
| 035 |
|
|
|a (OCoLC)1306062592
|
| 040 |
|
|
|a MiAaPQ
|b eng
|e rda
|e pn
|c MiAaPQ
|d MiAaPQ
|
| 100 |
1 |
|
|a Granadino, Alan.
|
| 245 |
1 |
0 |
|a Rethinking European Social Democracy and Socialism :
|b The History of the Centre-Left in Northern and Southern Europe in the Late 20th Century.
|
| 250 |
|
|
|a 1st ed.
|
| 264 |
|
1 |
|a Milton :
|b Taylor & Francis Group,
|c 2022.
|
| 264 |
|
4 |
|c ©2022.
|
| 300 |
|
|
|a 1 online resource (215 pages)
|
| 336 |
|
|
|a text
|b txt
|2 rdacontent
|
| 337 |
|
|
|a computer
|b c
|2 rdamedia
|
| 338 |
|
|
|a online resource
|b cr
|2 rdacarrier
|
| 490 |
1 |
|
|a Routledge Advances in European Politics Series
|
| 505 |
0 |
|
|a Cover -- Half Title -- Series Page -- Title Page -- Copyright Page -- Table of Contents -- List of Contributors -- Acknowledgements -- Introduction: North and South in European and global social democracy -- Chapter 1 The Socialist International as a transnational political actor, 1950-1970 -- Chapter 2 From democratic socialism to neoliberalisation: Political and ideological evolution of Nordic Social Democrats and Portuguese Socialists after the economic crisis of the 1970s -- Chapter 3 Put (Southern) Europe to work -- Chapter 4 Social democracy, globalisation and the ambiguities of "Europeanisation": Revisiting the Southern European crises of the 1970s -- Chapter 5 Logics of influence: European Social Democrats and the Iberian transitions to democracy -- Chapter 6 Radicalism and reformism in Post-war Italian socialism: A comparative view -- Chapter 7 Cultural affinity and small-state solidarity: Sweden and Global North-South relations in the 1970s -- Chapter 8 Looking South: The role of Portuguese democratisation in the Socialist International's initiatives towards Latin America in the 1970s -- Chapter 9 Contribution to the critique of "Social Democracy in One Country": The case of Sweden -- Chapter 10 Defining progress in post-war Mediterranean: Communist Movements and their influence in Algeria and Egypt after 1945 -- Epilogue: North-South and Social Democratic transformations in Europe and beyond -- Index.
|
| 588 |
|
|
|a Description based on publisher supplied metadata and other sources.
|
| 590 |
|
|
|a Electronic reproduction. Ann Arbor, Michigan : ProQuest Ebook Central, 2023. Available via World Wide Web. Access may be limited to ProQuest Ebook Central affiliated libraries.
|
| 655 |
|
4 |
|a Electronic books.
|
| 700 |
1 |
|
|a Nygård, Stefan.
|
| 700 |
1 |
|
|a Stadius, Peter.
|
| 776 |
0 |
8 |
|i Print version:
|a Granadino, Alan
|t Rethinking European Social Democracy and Socialism
|d Milton : Taylor & Francis Group,c2022
|z 9781032020020
|
| 797 |
2 |
|
|a ProQuest (Firm)
|
| 830 |
|
0 |
|a Routledge Advances in European Politics Series
|
| 856 |
4 |
0 |
|u https://ebookcentral.proquest.com/lib/matrademy/detail.action?docID=6916267
|z Click to View
|